00311nam a2200121Ia 4500008004100000100002000041245005900061260002600120300000900146650001200155942000700167999001500174190216s9999||||xx |||||||||||||| ||und|| aRamachandra Rao 0aBalance Sheet Analysis And Credit Apprisal For Bankers bProgressive Corc1976 a456p aBanking cBK c4176d4176